Länder Asiens - Statistiken

Allgemein
  • Dieses Quiz wurde 77 mal gespielt
  • Das Durchschnittsergebnis liegt bei 32 aus 48
Antwortstatistiken
Antwort % Korrekt
Armenien
88%
Aserbaidschan
88%
China
85%
Südkorea
85%
Afghanistan
81%
Georgien
81%
Japan
81%
Nordkorea
81%
Brunei
77%
Indien
77%
Usbekistan
77%
Kasachstan
73%
Kirgisistan
73%
Pakistan
73%
Tadschikistan
73%
Thailand
73%
Turkmenistan
73%
Bangladesch
69%
Irak
69%
Iran
69%
Malaysia
69%
Syrien
69%
Indonesien
65%
Israel
65%
Jemen
65%
Oman
65%
Sri Lanka
65%
Vietnam
65%
Bahrain
62%
Bhutan
62%
Katar
62%
Mongolei
62%
Myanmar
62%
Nepal
62%
Saudi-Arabien
62%
Laos
58%
Libanon
58%
Osttimor
58%
Philippinen
58%
Singapur
58%
Jordanien
54%
Kambodscha
54%
Kuwait
54%
Russland
54%
Türkei
54%
Malediven
50%
Vereinigte Arabische Emirate
50%
Zypern
46%
Keine übereinstimmenden Quizze gefunden
Verteilung der Resultate
Anzahl Personen mit jedem Resultat
Perzentil nach korrekt beantworteten Fragen
Ihre Resultats-Entwicklung
Sie haben dieses Quiz noch nicht gespielt